banner-ar

الاجراءات الجنائية : (Record no. 66574)

MARC details
000 -الفاتح
حقل البيانات ثابتة الطول 00825nam a2200181Ia 4500
005 - وقت وتاريخ اخر تعامل مع التسجيلة
رقم الضبط 20240530110926.0
008 - عناصر البيانات ثابتة الطول - معلومات عامة
حقل البيانات ثابتة الطول 140319s9999 xx 000 0 ara d
040 ## - مصدر الفهرسة
وكالة الفهرسة الأصلية GCL /
وكالة النسخ GCL
082 04 - رقم تصنيف ديوى العشرى
رقم التصنيف 347.08
رقم المادة م إ
100 0# - المدخل الرئيسى - إسم شخصى
الإسم الشخصى محمد زكى ابوعامر
245 12 - بيان العنوان
العنوان الاجراءات الجنائية :
بقية العنوان مرحلة جمع الاستدلالات - سير الدعوى الجنائية والدعوة المدنية المرتبطة بها - والتحقيق والحكم والطعن فى الحكم الصادر فى الدعوى الجنائية /
بيان المسئوليه,etc محمد زكى ابوعامر
260 ## - PUBLICATION, DISTRIBUTION, ETC. (IMPRINT)
تاريخ النشر أو التوزيع 1991
300 ## - الوصف المادى
التعداد 1130 ص
650 04 - المدخل الاضافى بالموضوع-مصطلح موضوعى
مصطلح موضوعي القانون الجنائى
650 04 - المدخل الاضافى بالموضوع-مصطلح موضوعى
مصطلح موضوعي قانون الاجراءات الجنائية
942 ## - عناصر المدخل الإضافي( كوها)
مصدر التصنيف او مخطط الترفيف Dewey Decimal Classification
Koha [default] item type كتاب
260 ## - PUBLICATION, DISTRIBUTION, ETC. (IMPRINT)
-- الاسكندرية :
-- منشاة المعارف ،
Holdings
حالة التراجع حالة الفقد مصدر التصنيف او خطة الترفيف حالة تلف ليس للاعارة المكان المؤقت الموقع الحالى تاريخ الاكتساب اجمالي اﻻعارات رقم الطلب الباركود تاريخ اخر مشاهدة تاريخ تفعيل السعر نوع وعاء كوها
    ddc     مكتبة القاهرة الكبرى مكتبة القاهرة الكبرى 08/07/2022   347.08\م إ 168191 08/07/2022 08/07/2022 كتاب

Powered By

EGPV